000
00301nam a22001337a 4500
008
190226b xxu||||| |||| 00| 0 eng d
020
_a
9781582552804
041
_a
eng
080
_2
5th
_a
610.73
100
_a
2
101
_a
INF
245
_a
Nurse's legal handbook
_c
Liability,M
942
_2
udc
_c
BK
999
_c
54258
_d
54258